000 00439cam a2200181 4500
001 D7337
008 090401t1981 xxu||||| |||| 00| 0 eng d
035 _a(Sirsi) u6720
041 _aeng
050 _a693.1
110 _aNational Building Agency
_9598
245 _aTechnical Note 9. Stone repair
260 _aEdinburgh
_bNational Building Agency
_c1981
300 _a2p. 30cm
350 _a0.2
942 _n0
948 _c04/03/1997
999 _c86338
_d86338